Preliminary studies on the pretreatment of field coagulum in the production of TSR (Record no. 50939)

MARC details
000 -LEADER
fixed length control field 00449nam a2200145Ia 4500
100 ## - MAIN ENTRY--AUTHOR NAME
Personal name Jacob J.[c]
245 #0 - TITLE STATEMENT
Title Preliminary studies on the pretreatment of field coagulum in the production of TSR
260 ## - PUBLICATION, DISTRIBUTION, ETC. (IMPRINT)
Name of publisher Indian Journal of Natural Rubber Research
Year of publication 1993
300 ## - PHYSICAL DESCRIPTION
Number of Pages 171-174
650 ## - SUBJECT ADDED ENTRY--TOPICAL TERM
Topical Term Coagulam pretreatment
650 ## - SUBJECT ADDED ENTRY--TOPICAL TERM
Topical Term Technically specified rubber
700 ## - ADDED ENTRY--PERSONAL NAME
Personal name John S.
942 ## - ADDED ENTRY ELEMENTS (KOHA)
Koha item type Bibliography STAF
Holdings
Withdrawn status Lost status Damaged status Not for loan Home library Current library Shelving location Date acquired Serial Enumeration / chronology Koha item type
      Bibliography RRII Library RRII Library Rubber chemistry 09/04/2014 Volume 6, Issue 1&2 Bibliography STAF